[Event "British Championship"]
[Site "Torquay"]
[Date "2009.07.28"]
[Round "2.14"]
[White "Raoof, Adam"]
[Black "Lalic, Susan"]
[Result "0-1"]
[WhiteElo "2144"]
[BlackElo "2334"]
[PlyCount "164"]
[EventDate "2009.07.28"]
[EventRounds "11"]
[EventCountry "ENG"]

1. f4 d5 2. Nf3 g6 3. e3 Bg7 4. Be2 c6 5. O-O Qb6 6. c3 Nh6 7. Na3 Nd7 8. d4
Nf6 9. b3 Ne4 10. Bb2 Nf5 11. Nc2 a5 12. Bd3 Nfd6 13. Qe2 Bg4 14. Na3 Qd8 15.
c4 e6 16. Qc2 Nf6 17. Rae1 Bf5 18. Nb1 Bxd3 19. Qxd3 O-O 20. Ba3 Nfe4 21. Nfd2
f5 22. Nxe4 fxe4 23. Qe2 Rf7 24. Bxd6 Qxd6 25. c5 Qe7 26. Nc3 Bh6 27. g3 Raf8
28. Qg4 e5 29. Ne2 exd4 30. Nxd4 Bg7 31. Ne6 Re8 32. Nxg7 Rxg7 33. Rc1 Qf6 34.
Qd1 Rd7 35. Qd4 Qxd4 36. exd4 Rb8 37. Kf2 Kf7 38. Ke3 h5 39. Rf2 Kf6 40. h3 Rh8
41. Rc3 Ra8 42. a4 Ke6 43. Rg2 Rh7 44. Rc1 Ra6 45. Rb1 b6 46. Rc2 bxc5 47. Rxc5
Rb7 48. Ke2 Rb4 49. Ke3 Rab6 50. Rc3 Kd6 51. g4 hxg4 52. hxg4 Ke6 53. Rb2 Kd7
54. Rb1 Rb8 55. f5 gxf5 56. gxf5 Rh8 57. Kf4 Rxd4 58. Rg1 e3+ 59. Kxe3 Re4+ 60.
Kd2 Rh2+ 61. Kd3 Rh3+ 62. Kd2 Rxc3 63. Kxc3 Rf4 64. Rg7+ Kd6 65. Rg6+ Kc5 66.
f6 Rf3+ 67. Kc2 Kb4 68. f7 Kc5 69. Rg7 d4 70. Rg5+ Kb4 71. Rg4 c5 72. Rg8 Rxf7
73. Rb8+ Ka3 74. Rb5 Rf2+ 75. Kd3 Rf3+ 76. Kd2 Rc3 77. Rxa5 Kxb3 78. Ra8 Kc4
79. a5 Ra3 80. a6 Ra2+ 81. Kd1 Kd3 82. Ke1 c4 0-1

[Event "British Championship"]
[Site "Torquay"]
[Date "2009.07.28"]
[Round "2.15"]
[White "Gavriel, Tryfon"]
[Black "Storey, Charles"]
[Result "0-1"]
[WhiteElo "2138"]
[BlackElo "2279"]
[PlyCount "60"]
[EventDate "2009.07.28"]
[EventRounds "11"]
[EventCountry "ENG"]

1. e4 g6 2. d4 Bg7 3. Nc3 c5 4. dxc5 Bxc3+ 5. bxc3 Qa5 6. Bd3 Qxc3+ 7. Bd2 Qxc5
8. Rb1 d6 9. Rb5 Qc7 10. Qa1 Nf6 11. Bh6 Rg8 12. Bd2 Nbd7 13. Ne2 Nc5 14. f3 b6
15. Qd4 g5 16. h3 h5 17. h4 gxh4 18. Qf2 h3 19. gxh3 Nfd7 20. Rg1 Rf8 21. Rg5
Ne5 22. Nf4 Ncxd3+ 23. Nxd3 Ba6 24. Rbxe5 dxe5 25. Nb4 Bc4 26. Qe3 O-O-O 27.
Bc3 f6 28. Rxh5 Rg8 29. Nd5 Bxd5 30. exd5 Rxd5 0-1

[Event "British Championship"]
[Site "Torquay"]
[Date "2009.07.28"]
[Round "2.16"]
[White "Yeo, Michael J"]
[Black "Briscoe, Christopher"]
[Result "0-1"]
[WhiteElo "2136"]
[BlackElo "2268"]
[PlyCount "64"]
[EventDate "2009.07.28"]
[EventRounds "11"]
[EventCountry "ENG"]

1. e4 e5 2. Nf3 d6 3. d4 exd4 4. Nxd4 Nf6 5. Nc3 Be7 6. g3 d5 7. e5 Ng4 8. Bg2
O-O 9. O-O Nxe5 10. Re1 Nbc6 11. Nxd5 Bc5 12. Nxc6 Nxc6 13. Bf4 Bd6 14. Bxd6
cxd6 15. Qd2 Be6 16. b3 Qd7 17. Nf4 Bg4 18. h3 Bf5 19. g4 Bg6 20. Rad1 Rad8 21.
c4 Qc7 22. h4 h6 23. Nxg6 fxg6 24. Re6 Ne5 25. Rxd6 Rde8 26. Qd5+ Kh8 27. Qxb7
Qc5 28. R1d2 Nxg4 29. Qc6 Re1+ 30. Bf1 Qe5 31. Qh1 Qa1 32. Qh3 Ne3 0-1

[Event "British Championship"]
[Site "Torquay"]
[Date "2009.07.28"]
[Round "2.17"]
[White "Shaw, Peter"]
[Black "Zhou, Yang Fan"]
[Result "0-1"]
[WhiteElo "2123"]
[BlackElo "2265"]
[PlyCount "84"]
[EventDate "2009.07.28"]
[EventRounds "11"]
[EventCountry "ENG"]

1. d4 Nf6 2. c4 g6 3. Nc3 Bg7 4. e4 d6 5. Nf3 O-O 6. Be2 e5 7. Be3 Nbd7 8. d5
a5 9. Nd2 Nc5 10. a3 Nfd7 11. b4 axb4 12. axb4 Rxa1 13. Qxa1 Na6 14. Qa3 f5 15.
f3 Bh6 16. Nd1 Bxe3 17. Nxe3 Qg5 18. exf5 gxf5 19. b5 Nac5 20. O-O Nf6 21. Ra1
Kh8 22. Bf1 Rg8 23. Ra2 Qh4 24. Nb3 Nxb3 25. Qxb3 f4 26. Nd1 Bf5 27. Nf2 Nd7
28. Ra7 Nc5 29. Qa3 Qd8 30. Kh1 h5 31. Qc3 Qg5 32. Qa3 Qd8 33. Qc3 Kh7 34. Bd3
Qg5 35. Bxf5+ Qxf5 36. Ra1 Qg6 37. Rg1 Ra8 38. Ra1 Ra2 39. Kg1 Rc2 40. Qa3 Rxc4
41. Qa7 Ra4 42. Rxa4 Qb1+ 0-1

[Event "British Championship"]
[Site "Torquay"]
[Date "2009.07.28"]
[Round "2.18"]
[White "Salimbeni, George"]
[Black "White, Michael"]
[Result "1-0"]
[WhiteElo "2115"]
[BlackElo "2259"]
[PlyCount "55"]
[EventDate "2009.07.28"]
[EventRounds "11"]
[EventCountry "ENG"]

1. e4 c5 2. c3 Nf6 3. e5 Nd5 4. d4 cxd4 5. Nf3 Nc6 6. cxd4 d6 7. Bc4 Nb6 8. Bb5
dxe5 9. Nxe5 Bd7 10. Nxd7 Qxd7 11. O-O g6 12. Nc3 Rd8 13. Qb3 Bg7 14. d5 Nxd5
15. Nxd5 Qxd5 16. Bc4 Qf5 17. Qxb7 Qc8 18. Qxc8 Rxc8 19. Rb1 O-O 20. Be3 Rfd8
21. b4 Bd4 22. Bxd4 Rxd4 23. Rfc1 e5 24. Ba6 Rc7 25. b5 Ra4 26. Rxc6 Rxc6 27.
bxc6 Rxa6 28. Rc1 1-0

[Event "British Championship"]
[Site "Torquay"]
[Date "2009.07.28"]
[Round "2.19"]
[White "Littlewood, Paul E"]
[Black "Sen, Subin"]
[Result "1-0"]
[WhiteElo "2358"]
[BlackElo "2093"]
[PlyCount "85"]
[EventDate "2009.07.28"]
[EventRounds "11"]
[EventCountry "ENG"]

1. d4 Nf6 2. c4 g6 3. Nc3 d5 4. cxd5 Nxd5 5. Bd2 Bg7 6. e4 Nb6 7. Be3 O-O 8.
Bb5 Bd7 9. Be2 e5 10. d5 f5 11. Nf3 h6 12. Qb3 Kh7 13. h4 Qe7 14. h5 g5 15.
exf5 Bxf5 16. g4 Bd7 17. Ne4 Na6 18. a3 Rf4 19. Nfd2 Kh8 20. f3 Rd8 21. Nc4 Ba4
22. Qc3 Nxd5 23. Qa5 Bc6 24. Bxf4 exf4 25. Rd1 Nf6 26. Rxd8+ Qxd8 27. Ne5 Qd5
28. Qxd5 Bxd5 29. Nc3 Bb3 30. Bxa6 bxa6 31. Ke2 Nd5 32. Nxd5 Bxe5 33. Nc3 Kg7
34. Kd3 Kf7 35. Rc1 Ke6 36. Ne4 Bd5 37. b4 Bb2 38. Rxc7 Bxa3 39. Rxa7 Bxb4 40.
Rxa6+ Ke5 41. Rxh6 Bxe4+ 42. fxe4 Bc5 43. Rg6 1-0

[Event "British Championship"]
[Site "Torquay"]
[Date "2009.07.28"]
[Round "2.20"]
[White "Jones, WIlliam EG"]
[Black "McPhillips, Karl"]
[Result "1-0"]
[WhiteElo "2052"]
[BlackElo "2231"]
[PlyCount "61"]
[EventDate "2009.07.28"]
[EventRounds "11"]
[EventCountry "ENG"]

1. e4 c5 2. Nf3 Nc6 3. d4 cxd4 4. Nxd4 g6 5. Nc3 Bg7 6. Be3 Nf6 7. f3 O-O 8. g4
h5 9. g5 Nh7 10. Qd2 Nxg5 11. Bxg5 Nxd4 12. Bg2 Qb6 13. O-O-O Nc6 14. Bh6 d6
15. Bxg7 Kxg7 16. Nd5 Qc5 17. h3 Be6 18. f4 Rac8 19. Kb1 a5 20. a3 b5 21. Bf3
Kh7 22. Rhg1 b4 23. Rg5 Bxd5 24. exd5 f6 25. Rg2 Na7 26. Rdg1 Nb5 27. Qd3 f5
28. Rxg6 bxa3 29. Rg7+ Kh8 30. R7g5 Nc3+ 31. Qxc3+ 1-0

[Event "British Championship"]
[Site "Torquay"]
[Date "2009.07.28"]
[Round "2.21"]
[White "Sowray, Peter J"]
[Black "Galliano, Alex"]
[Result "1-0"]
[WhiteElo "2335"]
[BlackElo "2050"]
[PlyCount "119"]
[EventDate "2009.07.28"]
[EventRounds "11"]
[EventCountry "ENG"]

1. Nf3 e6 2. c4 d5 3. d4 Nf6 4. g3 Be7 5. Bg2 O-O 6. O-O c6 7. Qc2 Ne4 8. Nbd2
f5 9. Ne5 Nd7 10. Nd3 Ndf6 11. Nf3 Bd7 12. Nfe5 Be8 13. b3 Rc8 14. Bb2 g5 15.
f3 Nd6 16. Nc5 Bf7 17. e4 b6 18. Nxf7 Kxf7 19. Nxe6 Kxe6 20. e5 Nde8 21. exf6
Kxf6 22. Rae1 Ng7 23. f4 g4 24. cxd5 cxd5 25. Qd3 Rc7 26. Re5 Rd7 27. Qb5 Kg6
28. Rxd5 Rxd5 29. Qxd5 Bf6 30. Qc6 Qe8 31. Qxe8+ Rxe8 32. Kf2 Rd8 33. Ke3 Ne6
34. Rd1 Re8 35. Bc6 Rc8 36. Rc1 Nc5 37. Bg2 Re8+ 38. Kd2 Rd8 39. Rc4 Ne6 40.
Ke3 b5 41. Rc6 Kf7 42. Ra6 Nxd4 43. Rxf6+ Kxf6 44. Bxd4+ Kf7 45. Bxa7 Rd6 46.
Bc5 Rh6 47. a4 bxa4 48. bxa4 Rxh2 49. Kf2 Rh6 50. a5 Ke8 51. Bb6 Kd7 52. a6
Rxb6 53. a7 Rb2+ 54. Kg1 Rb1+ 55. Kh2 Ra1 56. a8=Q Rxa8 57. Bxa8 Ke6 58. Kg2
Kf6 59. Kf2 Kg6 60. Ke3 1-0

[Event "British Championship"]
[Site "Torquay"]
[Date "2009.07.28"]
[Round "2.22"]
[White "Rudd, Jack"]
[Black "Fitzsimons, David"]
[Result "1/2-1/2"]
[WhiteElo "2326"]
[BlackElo "2167"]
[PlyCount "149"]
[EventDate "2009.07.28"]
[EventRounds "11"]
[EventCountry "ENG"]

1. e4 c5 2. Nf3 d6 3. d4 cxd4 4. Nxd4 Nf6 5. Nc3 g6 6. Be3 Bg7 7. f3 a6 8. Bc4
Nbd7 9. Qd2 Qc7 10. Bb3 h6 11. O-O-O b5 12. Kb1 Rb8 13. Rhe1 Bb7 14. Nd5 Nxd5
15. exd5 Ne5 16. Bf4 Nc4 17. Qe2 Bxd5 18. Nf5 gxf5 19. Rxd5 e5 20. Bc1 O-O 21.
c3 Rfe8 22. Qd3 f4 23. g3 Rbd8 24. gxf4 Nb6 25. Rg1 Nxd5 26. Bxd5 Kh8 27. f5
Rg8 28. Rg3 Qe7 29. Rh3 Qf6 30. Rh5 Rd7 31. h4 e4 32. fxe4 Qe5 33. Qf3 Bf8 34.
f6 Rg3 35. Rxe5 Rxf3 36. Re8 Rxf6 37. Rxf8+ Kg7 38. Ra8 Rf1 39. Rxa6 Rh1 40. e5
Rxh4 41. Rxd6 Re7 42. Be3 Kh7 43. Bd4 Rf4 44. Kc2 h5 45. Kd3 h4 46. Be4+ f5 47.
Bc6 h3 48. Be3 Rg4 49. Rh6+ Kg8 50. Bd5+ Kg7 51. Rxh3 Rd7 52. Bd4 Rxd5 53. Rh5
Kg6 54. Rh8 Re4 55. Kc2 f4 56. Rf8 Kg5 57. b3 Re2+ 58. Kd3 Rexe5 59. Rg8+ Kh4
60. a4 bxa4 61. bxa4 Rg5 62. Rf8 Kg3 63. Ke4 Rd6 64. c4 Re6+ 65. Kd3 Ra5 66. c5
Rxa4 67. Rc8 Re1 68. Rd8 f3 69. Rg8+ Kh3 70. Rh8+ Kg4 71. Rg8+ Kf5 72. Rf8+ Kg6
73. Bc3 Rd1+ 74. Kc2 Rd5 75. Rxf3 1/2-1/2

[Event "British Championship"]
[Site "Torquay"]
[Date "2009.07.28"]
[Round "2.23"]
[White "Lewis, Andrew P"]
[Black "Surtees, Michael"]
[Result "1-0"]
[WhiteElo "2281"]
[BlackElo "2149"]
[PlyCount "73"]
[EventDate "2009.07.28"]
[EventRounds "11"]
[EventCountry "ENG"]

1. d4 c6 2. c4 f6 3. e4 e5 4. dxe5 Bb4+ 5. Bd2 Qe7 6. Nf3 fxe5 7. a3 Bxd2+ 8.
Qxd2 Nh6 9. h4 Na6 10. Nc3 b6 11. Rd1 Ng4 12. Be2 Rf8 13. O-O h6 14. g3 Nc7 15.
h5 Qf7 16. Nh4 Qxh5 17. f3 Nf6 18. Nf5 Ne6 19. Qd6 Rf7 20. Qxe5 Kf8 21. Kg2 Kg8
22. f4 Qg6 23. Nh4 Qh7 24. f5 Nf8 25. Qd4 Bb7 26. c5 bxc5 27. Qxc5 d5 28. e5
N6d7 29. Qd6 c5 30. Bf3 Nb6 31. e6 Rxf5 32. Nxf5 Qxf5 33. e7 Nfd7 34. Nxd5 Nxd5
35. Bxd5+ Bxd5+ 36. Qxd5+ Qxd5+ 37. Rxd5 1-0

[Event "British Championship"]
[Site "Torquay"]
[Date "2009.07.28"]
[Round "2.24"]
[White "Hanley, James L"]
[Black "Griffiths, Ryan-Rhys"]
[Result "0-1"]
[WhiteElo "2277"]
[BlackElo "2137"]
[PlyCount "78"]
[EventDate "2009.07.28"]
[EventRounds "11"]
[EventCountry "ENG"]

1. e4 c5 2. Nf3 d6 3. d4 cxd4 4. Nxd4 Nf6 5. Nc3 a6 6. Be2 e6 7. O-O Be7 8. f4
O-O 9. Kh1 Qc7 10. a4 Nc6 11. Nb3 b6 12. Be3 Rb8 13. Qd2 Na5 14. Nxa5 bxa5 15.
Rab1 Bb7 16. Bd3 Rfd8 17. Qe2 d5 18. exd5 Nxd5 19. Nxd5 Bxd5 20. f5 exf5 21.
Rxf5 Qc6 22. Rbf1 Rxb2 23. Bc1 Rb7 24. Rh5 g6 25. Rxd5 Rxd5 26. Be4 Qe6 27. Qf3
Rbd7 28. Bxd5 Qxd5 29. Qc3 Qf5 30. Qc8+ Bf8 31. Re1 Rd1 32. Qxf8+ Kxf8 33. Bh6+
Kg8 34. Rxd1 f6 35. c4 g5 36. h3 Qc8 37. Rd4 Kf7 38. h4 Qe6 39. hxg5 Qe1+ 0-1

[Event "British Championship"]
[Site "Torquay"]
[Date "2009.07.28"]
[Round "2.25"]
[White "Addison, Bret"]
[Black "De Coverly, Roger"]
[Result "1/2-1/2"]
[WhiteElo "2266"]
[BlackElo "2127"]
[PlyCount "83"]
[EventDate "2009.07.28"]
[EventRounds "11"]
[EventCountry "ENG"]

1. d4 Nf6 2. c4 g6 3. Nc3 Bg7 4. e4 d6 5. Bd3 e5 6. d5 a5 7. Nge2 Na6 8. O-O
O-O 9. Ng3 Nc5 10. Bc2 c6 11. Rb1 cxd5 12. cxd5 Bd7 13. a3 Ne8 14. Be3 Rc8 15.
Qd2 f5 16. exf5 gxf5 17. f4 e4 18. Nge2 Nf6 19. h3 Qe8 20. Rfd1 Qg6 21. Nd4 Ne8
22. b4 axb4 23. axb4 Na6 24. Na4 Bxa4 25. Bxa4 Rf7 26. Rbc1 Ra8 27. Bxe8 Rxe8
28. Ne6 Nb8 29. Rc2 Nd7 30. Rdc1 Nf8 31. Rc8 Rfe7 32. Rxe8 Qxe8 33. Nxg7 Rxg7
34. Bd4 Re7 35. Rc3 h6 36. Rg3+ Kh7 37. Kh2 Ng6 38. Be3 Qf7 39. Qd4 Re8 40. Bd2
Rg8 41. b5 Ne7 42. Rxg8 1/2-1/2

[Event "British Championship"]
[Site "Torquay"]
[Date "2009.07.28"]
[Round "2.26"]
[White "Adair, James"]
[Black "Constantinou, Peter"]
[Result "1/2-1/2"]
[WhiteElo "2124"]
[BlackElo "2264"]
[PlyCount "31"]
[EventDate "2009.07.28"]
[EventRounds "11"]
[EventCountry "ENG"]

1. e4 g6 2. d4 Bg7 3. Nc3 c6 4. Nf3 d6 5. a4 Nf6 6. h3 O-O 7. Be3 Nbd7 8. a5
Qc7 9. Bc4 Rb8 10. Ng5 b5 11. axb6 axb6 12. Bxf7+ Rxf7 13. Ne6 Qb7 14. Nd8 Qc7
15. Ne6 Qb7 16. Nd8 1/2-1/2

[Event "British Championship"]
[Site "Torquay"]
[Date "2009.07.28"]
[Round "2.27"]
[White "Anderson, John"]
[Black "Smith, Graham"]
[Result "1/2-1/2"]
[WhiteElo "2248"]
[BlackElo "2119"]
[PlyCount "96"]
[EventDate "2009.07.28"]
[EventRounds "11"]
[EventCountry "ENG"]

1. e4 c5 2. Nc3 e6 3. Nf3 Nc6 4. d4 cxd4 5. Nxd4 Qc7 6. Be2 a6 7. O-O Nf6 8.
Be3 Nxd4 9. Qxd4 Bd6 10. f4 e5 11. Qd2 O-O 12. Rad1 Bb4 13. Bf3 d5 14. exd5 e4
15. d6 Qc6 16. Be2 Bf5 17. Qd4 Bxc3 18. Qxc3 Rac8 19. Qxc6 Rxc6 20. c4 Ng4 21.
Bxg4 Bxg4 22. Rd4 Rd8 23. Rxe4 Rcxd6 24. Re7 Re6 25. Rxe6 Bxe6 26. Rc1 Kf8 27.
Kf2 Rc8 28. b3 Ke7 29. h3 h5 30. Bb6 Rc6 31. c5 g6 32. Rd1 Bd7 33. Rd2 Re6 34.
Bc7 Bc6 35. Bd8+ Ke8 36. Ba5 f5 37. Bc7 Kf7 38. Be5 Re7 39. Kg3 Rd7 40. Bd6 Rd8
41. Kh4 Rd7 42. Kg5 Be4 43. b4 Bc6 44. a3 Bb5 45. Rc2 Ba4 46. Rc3 Bc6 47. Rg3
Rd8 48. Be5 Rd2 1/2-1/2

[Event "British Championship"]
[Site "Torquay"]
[Date "2009.07.28"]
[Round "2.29"]
[White "Lemoir, David A"]
[Black "Burrows, Martin"]
[Result "1/2-1/2"]
[WhiteElo "2009"]
[BlackElo "2209"]
[PlyCount "103"]
[EventDate "2009.07.28"]
[EventRounds "11"]
[EventCountry "ENG"]

1. e4 c5 2. Nf3 d6 3. b4 cxb4 4. d4 e6 5. Bd3 Nf6 6. O-O Be7 7. Re1 d5 8. e5
Nfd7 9. a3 Nc6 10. axb4 Nxb4 11. Bf1 O-O 12. Ba3 f6 13. exf6 Rxf6 14. c3 Nc6
15. Bd3 Nf8 16. Ne5 Nxe5 17. dxe5 Rf7 18. Nd2 Bd7 19. Nf3 Be8 20. Nd4 Bxa3 21.
Rxa3 Rc7 22. Qd2 Qe7 23. Rea1 a6 24. Rb3 Rac8 25. f4 Bg6 26. Bxg6 Nxg6 27. Re1
Qf7 28. g3 Ne7 29. Reb1 Nf5 30. Nf3 Qd7 31. g4 Ne7 32. Qb2 b5 33. Ra1 Ra7 34.
Rba3 Rca8 35. Qa2 a5 36. Nd4 a4 37. f5 exf5 38. gxf5 Rf8 39. Rf1 Ra6 40. Qb2
Rb6 41. Raa1 Nxf5 42. e6 Qe8 43. Rae1 Nxd4 44. Rxf8+ Qxf8 45. cxd4 Qf3 46. Qc2
Qg4+ 47. Kh1 Qf3+ 48. Kg1 Qf8 49. Qc7 Ra6 50. Qd7 Rd6 51. Qxb5 Qe7 52. Qxa4
1/2-1/2

[Event "British Championship"]
[Site "Torquay"]
[Date "2009.07.28"]
[Round "2.31"]
[White "Ross, Chris"]
[Black "McClement, Andrew"]
[Result "1-0"]
[WhiteElo "2203"]
[BlackElo "1893"]
[PlyCount "78"]
[EventDate "2009.07.28"]
[EventRounds "11"]
[EventCountry "ENG"]

1. d4 Nf6 2. c4 e6 3. Nf3 b6 4. e3 Bb7 5. Bd3 c5 6. O-O cxd4 7. exd4 Be7 8. Nc3
d5 9. Bg5 O-O 10. Re1 Nbd7 11. Rc1 Rc8 12. cxd5 Nxd5 13. Nxd5 Bxg5 14. Rxc8
Bxc8 15. Nc3 Bb7 16. Ne4 Be7 17. Qe2 Nf6 18. Neg5 Bd5 19. a3 h6 20. Ne4 Qa8 21.
Ned2 Rc8 22. Ne5 Bxg2 23. f4 Bd5 24. f5 Rc7 25. Rf1 Qc8 26. Ndc4 exf5 27. Ne3
Be6 28. Nxf5 Bf8 29. Nxh6+ gxh6 30. Rxf6 Rc1+ 31. Rf1 Bh3 32. Re1 Bc5 33. dxc5
Qxc5+ 34. Kh1 Qd5+ 35. Be4 Qb5 36. Nd3 Rxe1+ 37. Qxe1 f5 38. Qg3+ Bg4 39. Bg2
Kh7 1-0

[Event "British Championship"]
[Site "Torquay"]
[Date "2009.07.28"]
[Round "2.32"]
[White "Reynolds, D Ian W"]
[Black "Green, Andrew"]
[Result "1/2-1/2"]
[WhiteElo "2092"]
[BlackElo "2203"]
[PlyCount "51"]
[EventDate "2009.07.28"]
[EventRounds "11"]
[EventCountry "ENG"]

1. e4 Nf6 2. e5 Nd5 3. d4 d6 4. c4 Nb6 5. exd6 exd6 6. Nc3 Nc6 7. Be3 Be7 8.
Bd3 O-O 9. Nge2 Nb4 10. O-O Bg4 11. f3 Bd7 12. b3 Nxd3 13. Qxd3 Re8 14. d5 Bf6
15. Bf2 Nc8 16. Rae1 g6 17. Ne4 Be5 18. f4 f5 19. fxe5 fxe4 20. Qxe4 Rxe5 21.
Qd4 Ne7 22. Ng3 Rxe1 23. Bxe1 c5 24. dxc6 Bxc6 25. Bc3 Qb6 26. Re1 1/2-1/2

[Event "British Championship"]
[Site "Torquay"]
[Date "2009.07.28"]
[Round "2.33"]
[White "Hegarty, Sarah"]
[Black "Littlewood, John Eric"]
[Result "0-1"]
[WhiteElo "2098"]
[BlackElo "2188"]
[PlyCount "74"]
[EventDate "2009.07.28"]
[EventRounds "11"]
[EventCountry "ENG"]

1. e4 e5 2. Bc4 Nf6 3. d3 c6 4. Nf3 Be7 5. O-O d6 6. c3 O-O 7. Re1 Na6 8. Nbd2
b5 9. Bb3 Nc5 10. Bc2 a5 11. d4 Ncd7 12. Nf1 Re8 13. Ng3 g6 14. Ng5 h6 15. Nh3
Bf8 16. f4 Nb6 17. Nf2 c5 18. f5 Kh7 19. b3 Qc7 20. Bb2 c4 21. Qf3 Bg7 22. Ba3
exd4 23. cxd4 b4 24. Bc1 cxb3 25. Bxb3 a4 26. Bd1 Bb7 27. Bf4 Nbd5 28. Rc1 Qb6
29. fxg6+ fxg6 30. Be3 Nxe3 31. Qxe3 Nd5 32. Qd2 Bxd4 33. exd5 Bxf2+ 34. Qxf2
Rxe1+ 35. Nf1 Rf8 36. Rc7+ Kg8 37. Bf3 Rxf1+ 0-1

[Event "British Championship"]
[Site "Torquay"]
[Date "2009.07.28"]
[Round "2.35"]
[White "Jones, Victor GL"]
[Black "Warman, Simon M"]
[Result "0-1"]
[WhiteElo "2076"]
[BlackElo "2156"]
[PlyCount "72"]
[EventDate "2009.07.28"]
[EventRounds "11"]
[EventCountry "ENG"]

1. e4 c5 2. Nf3 e6 3. d4 cxd4 4. Nxd4 a6 5. Bd3 Nf6 6. O-O Qc7 7. Qe2 Bd6 8.
Kh1 h5 9. f4 Ng4 10. Nc3 Bc5 11. Nb3 Ba7 12. e5 d6 13. Ne4 dxe5 14. fxe5 Nxe5
15. Bf4 Nbc6 16. Ng5 Qe7 17. Be4 Bd7 18. Bxc6 Nxc6 19. Ne4 e5 20. Bg5 f6 21.
Rxf6 Bg4 22. Qd3 gxf6 23. Nxf6+ Kf7 24. Rf1 Kg7 25. Nxh5+ Rxh5 26. Bxe7 Nxe7
27. Qd6 Nf5 28. Qxe5+ Kg6 29. Nd2 Rf8 30. Qe6+ Kg7 31. Qe5+ Kg6 32. Qe6+ Kh7
33. Qd7+ Kh8 34. Qc7 Bb8 35. Qc3+ Kh7 36. Nf3 Ng3+ 0-1

[Event "British Championship"]
[Site "Torquay"]
[Date "2009.07.28"]
[Round "2.36"]
[White "Mueller, Jan"]
[Black "Garnett, John S"]
[Result "1-0"]
[WhiteElo "2149"]
[BlackElo "2059"]
[PlyCount "45"]
[EventDate "2009.07.28"]
[EventRounds "11"]
[EventCountry "ENG"]

1. d4 Nf6 2. Bg5 c5 3. d5 Ne4 4. Bf4 Qb6 5. Nd2 Nxd2 6. Bxd2 Qxb2 7. e4 g6 8.
Bc4 Bg7 9. Rb1 Qe5 10. Qe2 O-O 11. f4 Qc7 12. Nf3 d6 13. O-O e6 14. dxe6 Bxe6
15. Bxe6 fxe6 16. Ng5 Re8 17. f5 Bd4+ 18. Kh1 exf5 19. Qc4+ Kh8 20. Nf7+ Kg7
21. Bh6+ Kf6 22. exf5 Ke7 23. Qe6# 1-0

[Event "British Championship"]
[Site "Torquay"]
[Date "2009.07.28"]
[Round "2.37"]
[White "McDonnell, James J"]
[Black "Bonafont, Philip"]
[Result "0-1"]
[WhiteElo "2023"]
[BlackElo "2124"]
[PlyCount "64"]
[EventDate "2009.07.28"]
[EventRounds "11"]
[EventCountry "ENG"]

1. e4 c5 2. Ne2 d6 3. g3 e5 4. c3 Nc6 5. Bg2 g6 6. d4 Bg7 7. d5 Nce7 8. O-O Nf6
9. a4 O-O 10. Na3 Bd7 11. Nc4 Ne8 12. a5 Rb8 13. Be3 b5 14. axb6 axb6 15. Qc2
b5 16. Nd2 Ra8 17. b4 c4 18. Qb2 Nc7 19. Rxa8 Nxa8 20. Ra1 Nb6 21. f3 Na4 22.
Qa3 f5 23. Kh1 Rf7 24. Rf1 Qf8 25. Qa1 Bh6 26. f4 fxe4 27. Bxe4 Qa8 28. Nf3
Nxd5 29. Ng5 Bxg5 30. fxg5 Rxf1+ 31. Qxf1 Nxe3 32. Qf3 d5 0-1

[Event "British Championship"]
[Site "Torquay"]
[Date "2009.07.28"]
[Round "2.38"]
[White "Taylor, Geoffrey P"]
[Black "Gill, Neville"]
[Result "0-1"]
[WhiteElo "2003"]
[BlackElo "2111"]
[PlyCount "120"]
[EventDate "2009.07.28"]
[EventRounds "11"]
[EventCountry "ENG"]

1. e4 e5 2. Nf3 Nc6 3. Bc4 Bc5 4. c3 Nf6 5. d3 d6 6. O-O O-O 7. Bb3 a6 8. Re1
Ba7 9. Nbd2 Ng4 10. Re2 Kh8 11. Nf1 f5 12. h3 Nh6 13. Re1 fxe4 14. dxe4 Qf6 15.
Bg5 Qg6 16. Qd2 Nf7 17. Be3 Bxh3 18. Ng3 Bg4 19. Nh4 Qf6 20. Bxf7 Bxe3 21. Rxe3
Rxf7 22. Nhf5 Raf8 23. f3 Bxf5 24. Nxf5 Qg5 25. Rd3 Qxd2 26. Rxd2 Ne7 27. Nxe7
Rxe7 28. Kf2 g6 29. a4 Kg7 30. c4 Kf6 31. b4 Ke6 32. a5 c6 33. Ke3 Rd8 34. Rad1
Red7 35. Rh1 h5 36. g4 hxg4 37. fxg4 d5 38. cxd5+ cxd5 39. exd5+ Rxd5 40. Rxd5
Rxd5 41. Rh6 Kf6 42. Rh2 Kg5 43. Rb2 Kxg4 44. Ke4 Rb5 45. Rg2+ Kh5 46. Rg1 Kh6
47. Rb1 Kg7 48. Kd3 g5 49. Kc4 Kg6 50. Kd3 g4 51. Kc4 Kg5 52. Kd3 g3 53. Ke3
Kg4 54. Rb3 b6 55. axb6 Rxb6 56. Ra3 Rxb4 57. Rxa6 Rf4 58. Re6 g2 59. Rg6+ Kh3
60. Ke2 Rg4 0-1

[Event "British Championship"]
[Site "Torquay"]
[Date "2009.07.29"]
[Round "3.1"]
[White "Howell, David"]
[Black "Gordon, Stephen"]
[Result "1-0"]
[WhiteElo "2614"]
[BlackElo "2537"]
[PlyCount "79"]
[EventDate "2009.07.27"]
[EventRounds "11"]
[EventCountry "ENG"]
[SourceDate "2009.07.30"]

1. e4 c5 2. Nf3 e6 3. d4 cxd4 4. Nxd4 Nc6 5. Nc3 Qc7 6. Be3 a6 7. a3 Nf6 8. h3
d6 9. g4 h6 10. f4 Bd7 11. Nde2 g5 12. f5 Ne5 13. Nd4 O-O-O 14. Qd2 Be7 15.
O-O-O Kb8 16. Kb1 Rc8 17. Qf2 h5 18. gxh5 Rxh5 19. Be2 Rhh8 20. Bxg5 Nfg4 21.
Bxg4 Bxg5 22. fxe6 Nxg4 23. Qxf7 Rcf8 24. Qxd7 Nf2 25. Qxc7+ Kxc7 26. Rhg1 Nxd1
27. Nd5+ Kc8 28. Rxg5 Nf2 29. e7 Re8 30. Nf5 Nxe4 31. Rg4 Rh5 32. Ng7 Rxd5 33.
Nxe8 Rd1+ 34. Ka2 Kd7 35. Ng7 Nf6 36. e8=Q+ Nxe8 37. Nxe8 Kxe8 38. Rg7 b6 39.
Rb7 b5 40. Rb6 1-0

[Event "British Championship"]
[Site "Torquay"]
[Date "2009.07.29"]
[Round "3.2"]
[White "Jones, Gawain"]
[Black "Eggleston, David"]
[Result "1-0"]
[WhiteElo "2554"]
[BlackElo "2341"]
[PlyCount "93"]
[EventDate "2009.07.27"]
[EventRounds "11"]
[EventCountry "ENG"]
[SourceDate "2009.07.30"]

1. e4 c5 2. Nf3 d6 3. d4 cxd4 4. Nxd4 Nf6 5. Nc3 a6 6. Qf3 e6 7. Be3 Be7 8. g4
Nc6 9. g5 Nd7 10. h4 Qc7 11. O-O-O b5 12. Nxc6 Qxc6 13. a3 Bb7 14. h5 Ne5 15.
Qg3 Qc7 16. Bd4 Rg8 17. g6 hxg6 18. Bxe5 dxe5 19. hxg6 f5 20. Rh5 b4 21. axb4
Bxb4 22. exf5 Bxc3 23. bxc3 Qa5 24. fxe6 Qa3+ 25. Kd2 O-O-O+ 26. Bd3 e4 27. Ra1
Qd6 28. Re5 exd3 29. cxd3 Rge8 30. Qe3 Re7 31. Ra4 Kb8 32. Rd4 Qb6 33. Rxd8+
Qxd8 34. f4 Qd6 35. Qe1 Qa3 36. Qb1 Ka7 37. f5 Qd6 38. Qg1+ Kb8 39. Qc5 Qxc5
40. Rxc5 Re8 41. d4 Be4 42. c4 Kb7 43. Re5 Bb1 44. d5 Kc7 45. c5 a5 46. d6+ Kd8
47. c6 1-0